000 00637nam a2200277Ia 4500
005 20260324113305.0
008 008 260324s9999 xx 000 0 eng d
020 _a9781032703909
037 _aEBOOK
040 _aCRL
040 _beng
040 _cCRL
041 _2eng
041 _aeng
084 _qCRL
100 _aSairam Bhat
_91146185
245 0 _aEnvironmental Law and Policy in India
260 _bTaylor and Francis
260 _c2024
365 _a
365 _b230
856 _uhttp://www.taylorfrancis.com/books/9781032703909
942 _cEBOOK
999 _c1735756
_d1735756